| 000 | 00937nas a2200289 4500 | ||
|---|---|---|---|
| 001 | BR2010004203 | ||
| 003 | BR-BrBNA | ||
| 005 | 20231205114706.0 | ||
| 007 | ta | ||
| 008 | 230509b bl.|||p| |||| 00| 00por d | ||
| 040 |
_aBR-BrBNA _bpor _cBiblioteca Nacional de Agricultura |
||
| 041 | _a(Pt) | ||
| 072 | _aM12; L02 | ||
| 100 | 1 | _aGonçalves, G.S. | |
| 100 | 1 | _aPezzato, L.E. | |
| 100 | 1 | _aBarros, M.M. | |
| 100 | 1 | _aHisano, H. | |
| 100 | 1 | _aRosa, M.J.S. | |
| 245 | 1 | _aNíveis de proteína digestivel e energia digestível em dietas para tilápias-do-nilo formuladas com base no conceito de proteína ideal | |
| 650 | _aTILÁPIA NILÓTICA | ||
| 650 | _aAMINOÁCIDO | ||
| 650 | _aEXIGÊNCIA NUTRICIONAL | ||
| 650 | _aRAÇÃO | ||
| 773 | 0 |
_tRevista Brasileira de Zootecnia (Brazil) _xISSN 1516-3598 _g(Dec 2009), v. 38(12) p. 2289-2298 _wBR2010004203 |
|
| 909 |
_a202311 _bLúcia _c55 _dLúcia Elande |
||
| 942 |
_2AGRIS _n0 _cANA |
||
| 999 |
_c209987 _d209987 |
||